| 000 | 01497nam a22003857a 4500 | ||
|---|---|---|---|
| 003 | CHAP | ||
| 005 | 20220329143832.0 | ||
| 008 | 080125s2010 mx r 00110 spa d | ||
| 010 | _a102545 | ||
| 011 | _a103517 | ||
| 020 | _a978-607-490-062-0 v.2 | ||
| 020 | _a9786074900613 v.1 | ||
| 035 | _a114206 | ||
| 040 | _cCHAP | ||
| 082 | 0 | 4 |
_a972.017252 _bT51 2010 |
| 245 | 0 | 0 |
_aTira de Tepechpan : _bcódice colonial procedente del Valle de México _c/ editado por Xavier Noguéz |
| 250 | _a2 ed. facsimilar | ||
| 260 |
_aToluca, Méx. : _bInstituto Mexiquense de Cultura, _c2010 |
||
| 300 |
_a2 v. : _bilus. |
||
| 490 | 0 |
_aBiblioteca Mexiquense del Bicentenario. _pBiblioteca Nezahualcoyotl |
|
| 505 | 0 | _av.1 Estudio del códice .-- v.2 Reproducción del códice y apéndices | |
| 590 |
_aBATCH-UPD _b10 _c20130110 _lUCH01 _h1424 |
||
| 590 |
_aBATCH-UPD _b10 _c20130410 _lUCH01 _h0905 |
||
| 590 |
_aBATCH-UPD _b10 _c20130914 _lUCH01 _h1044 |
||
| 590 |
_aCONVERSION _b10 _c20130109 _lUCH01 _h1356 |
||
| 650 | 1 | 4 |
_aCódices. _927680 |
| 650 | 1 | 4 |
_aMéxico _xHistoria _xEpoca prehispánica. _976759 |
| 700 | 1 |
_aNoguéz, Xavier. _981595 |
|
| 710 | 2 |
_aMéxico. Gobierno del Estado. _977067 |
|
| 830 | 0 |
_aBiblioteca Mexiquense del Bicentenario. _pBiblioteca Nezahualcoyotl _912415 |
|
| 901 | _aBK | ||
| 942 | _cLIBRO | ||
| 949 |
_a972.017252 T51 2010 _bBC _cLIBRO _d33724002312959 _eLIBRO _fv.2 _h116101 _i114206 _sb |
||
| 949 |
_a972.017252 T51 2010 _bBC _cLIBRO _d33724002312991 _eLIBRO _fv.1 _h116100 _i114206 _sb |
||
| 999 |
_c102545 _d102545 |
||